[Event "Titled Tuesday intern op 14th Nov Early"]
[Site "Chess.com INT"]
[Date "2023.11.14"]
[Round "3"]
[White "Tristan, Leonardo"]
[Black "Garagulya, Konstantin"]
[Result "1-0"]
[WhiteElo "2524"]
[BlackElo "2389"]
[PlyCount "43"]
[EventDate "2023.11.14"]
[EventType "swiss (blitz)"]
[EventRounds "11"]
[EventCountry "USA"]
[SourceTitle "CB47_2023"]
[SourceDate "2023.11.22"]
[SourceVersion "1"]
[SourceVersionDate "2023.11.22"]
[SourceQuality "1"]

1. d4 Nf6 2. Bf4 e6 3. Nf3 c5 4. e3 Qb6 5. Na3 d5 6. Nb5 Na6 7. a4 c4 8. b3 cxb3 9. c3 Nh5 10. Be5 f6 11. Nd2 g6 12. g4 fxe5 13. gxh5 exd4 14. exd4 b2 15. Rb1 Qd8 16. Qg4 Qf6 17. Bd3 e5 18. Qg3 e4 19. Bxe4 dxe4 20. Nxe4 Qe6 21. 0-0 Qg4 22. Nf6+ 1-0

[Event "Titled Tuesday intern op 26th Sep Early"]
[Site "Chess.com INT"]
[Date "2023.09.26"]
[Round "1"]
[White "Talibov, Shiroghlan"]
[Black "Garagulya, Konstantin"]
[Result "1-0"]
[WhiteElo "2362"]
[BlackElo "2389"]
[PlyCount "85"]
[EventDate "2023.09.26"]
[EventType "swiss (blitz)"]
[EventRounds "11"]
[EventCountry "USA"]
[SourceTitle "EXT 2024"]
[Source "ChessBase"]
[SourceDate "2023.10.10"]
[SourceVersion "1"]
[SourceVersionDate "2023.10.10"]
[SourceQuality "1"]

1. d4 Nf6 2. c4 e6 3. Nf3 d5 4. g3 Bb4+ 5. Bd2 a5 6. Bg2 0-0 7. Qc2 Ne4 8. 0-0 f5 9. a3 Bxd2 10. Nbxd2 b6 11. e3 Ba6 12. Rfc1 c6 13. Ne5 Qd6 14. cxd5 cxd5 15. Nxe4 fxe4 16. Qc7 Qxc7 17. Rxc7 Bb5 18. Bh3 Na6 19. Bxe6+ Kh8 20. Nf7+ Kg8 21. Nd6+ Kh8 22. Nxb5 Nxc7 23. Nxc7 Ra7 24. Nxd5 b5 25. Nc3 b4 26. axb4 Rfa8 27. bxa5 Rxa5 28. Rxa5 Rxa5 29. Nxe4 Ra1+ 30. Kg2 Rb1 31. b3 g6 32. g4 Kg7 33. g5 h6 34. h4 Rb2 35. gxh6+ Kxh6 36. Bc4 Rb1 37. d5 Kh5 38. d6 Kxh4 39. Nd2 Rd1 40. Nf3+ Kh5 41. Nd4 Ra1 42. d7 Ra8 43. Nc6 1-0

[Event "Titled Tuesday intern op 15th Aug Early"]
[Site "Chess.com INT"]
[Date "2023.08.15"]
[Round "2"]
[White "Maksimovic, Bojan"]
[Black "Garagulya, Konstantin"]
[Result "1-0"]
[WhiteElo "2476"]
[BlackElo "2389"]
[PlyCount "107"]
[EventDate "2023.08.15"]
[EventType "swiss (blitz)"]
[EventRounds "11"]
[EventCountry "USA"]
[SourceTitle "EXT 2024"]
[Source "ChessBase"]
[SourceDate "2023.10.10"]
[SourceVersion "1"]
[SourceVersionDate "2023.10.10"]
[SourceQuality "1"]

1. e4 c5 2. Nf3 a6 3. c3 d5 4. exd5 Qxd5 5. d4 Nf6 6. Be3 cxd4 7. cxd4 e6 8. Nc3 Qd6 9. Bd3 Nc6 10. 0-0 Be7 11. Ne4 Qd5 12. Qb1 h6 13. Rd1 0-0 14. Nxf6+ Bxf6 15. Be4 Qd6 16. d5 exd5 17. Bxd5 Qc7 18. Qe4 Bd7 19. Rac1 Rfe8 20. Qc2 Be6 21. Bxc6 Qxc6 22. Qxc6 bxc6 23. b3 Bd5 24. Bd4 Bxf3 25. gxf3 Re6 26. Be3 a5 27. Rc4 h5 28. Rdc1 Ra6 29. Ra4 Bd8 30. b4 Rf6 31. Kg2 Rg6+ 32. Kf1 Rf6 33. Ke2 Rg6 34. bxa5 Rxa5 35. Rxa5 Bxa5 36. Rc5 Bb4 37. Rxh5 c5 38. Bxc5 Bxc5 39. Rxc5 Ra6 40. Rc2 Ra3 41. f4 g6 42. Kd1 Kg7 43. Kc1 Kf6 44. Kb2 Rf3 45. a4 Rxf4 46. Kb3 Rh4 47. a5 Rxh2 48. a6 Rh8 49. a7 Ra8 50. Rc7 Ke6 51. Kc4 g5 52. Kd4 f5 53. Rc6+ Kd7 54. Ra6 1-0

[Event "Titled Tuesday intern op 25th Jul Early"]
[Site "Chess.com INT"]
[Date "2023.07.25"]
[Round "8"]
[White "Garagulya, Konstantin"]
[Black "Tristan, Leonardo"]
[Result "0-1"]
[WhiteElo "2389"]
[BlackElo "2526"]
[PlyCount "50"]
[EventDate "2023.07.25"]
[EventType "swiss (blitz)"]
[EventRounds "11"]
[EventCountry "USA"]
[SourceTitle "EXT 2024"]
[Source "ChessBase"]
[SourceDate "2023.10.10"]
[SourceVersion "1"]
[SourceVersionDate "2023.10.10"]
[SourceQuality "1"]

1. d4 d5 2. Nf3 Nf6 3. c4 e6 4. Bg5 a6 5. Nbd2 Be7 6. e3 0-0 7. Qc2 Nbd7 8. Bd3 h6 9. Bh4 c5 10. 0-0 b5 11. b3 dxc4 12. bxc4 cxd4 13. Nxd4 Ne5 14. cxb5 Nxd3 15. Qxd3 e5 16. Bxf6 Bxf6 17. Qe4 exd4 18. Qxa8 dxe3 19. Ne4 Bxa1 20. Rxa1 Qd4 21. Re1 Bf5 22. Qxa6 Bxe4 23. Rf1 e2 24. Re1 Qd2 25. Qa5 Qxa5 0-1

[Event "Titled Tuesday intern op 25th Jul Early"]
[Site "Chess.com INT"]
[Date "2023.07.25"]
[Round "3"]
[White "Kuchava, Ana"]
[Black "Garagulya, Konstantin"]
[Result "0-1"]
[WhiteElo "2101"]
[BlackElo "2389"]
[PlyCount "74"]
[EventDate "2023.07.25"]
[EventType "swiss (blitz)"]
[EventRounds "11"]
[EventCountry "USA"]
[SourceTitle "EXT 2024"]
[Source "ChessBase"]
[SourceDate "2023.10.10"]
[SourceVersion "1"]
[SourceVersionDate "2023.10.10"]
[SourceQuality "1"]

1. d4 d5 2. Nf3 Nf6 3. c4 dxc4 4. e3 e6 5. Bxc4 a6 6. a4 c5 7. 0-0 Nc6 8. Nc3 cxd4 9. exd4 Nb4 10. Bg5 Be7 11. Qe2 0-0 12. Rad1 b6 13. Ne5 Bb7 14. Nxf7 Rxf7 15. Qxe6 Nfd5 16. Bxe7 Qxe7 17. Rfe1 Qxe6 18. Rxe6 Rd8 19. Rde1 Kf8 20. Nxd5 Bxd5 21. Rxb6 Bxc4 22. Rxb4 Bd3 23. b3 Rfd7 24. Rd1 Bc2 25. Rd2 Be4 26. f3 Bd5 27. Kf2 Rc7 28. Rb6 Rc6 29. Rb4 Rc3 30. a5 Rxb3 31. Rb6 Rxb6 32. axb6 Rb8 33. Rb2 Bc4 34. Ke3 Bb5 35. Rc2 Rxb6 36. Rc7 Rc6 37. Ke4 Rxc7 0-1

[Event "Titled Tuesday intern op 11th Jul Early"]
[Site "Chess.com INT"]
[Date "2023.07.11"]
[Round "1"]
[White "Materia, Marco"]
[Black "Garagulya, Konstantin"]
[Result "1-0"]
[WhiteElo "2436"]
[BlackElo "2389"]
[PlyCount "89"]
[EventDate "2023.07.11"]
[EventType "swiss (blitz)"]
[EventRounds "11"]
[EventCountry "USA"]
[SourceTitle "EXT 2024"]
[Source "ChessBase"]
[SourceDate "2023.10.10"]
[SourceVersion "1"]
[SourceVersionDate "2023.10.10"]
[SourceQuality "1"]

1. d4 Nf6 2. c4 e6 3. Nf3 d5 4. Nc3 Be7 5. Bf4 0-0 6. e3 b6 7. Rc1 Bb7 8. cxd5 exd5 9. Be2 c5 10. 0-0 Nbd7 11. Ne5 a6 12. Bf3 cxd4 13. exd4 Rc8 14. Re1 b5 15. a3 Nb6 16. Nd3 Nc4 17. a4 b4 18. Ne2 Qb6 19. Ng3 Rfe8 20. b3 Na5 21. Rxc8 Bxc8 22. Ne5 Be6 23. Qd3 Rc8 24. Rc1 Rc3 25. Rxc3 bxc3 26. Qxc3 Nxb3 27. Nc6 Bf8 28. a5 Qb5 29. Be2 Qa4 30. Bxa6 Ne4 31. Nxe4 dxe4 32. Bb7 Bd7 33. h3 h6 34. a6 Bxc6 35. Qxc6 Qxd4 36. Qxe4 Qd1+ 37. Kh2 Nc5 38. Qc6 Qa1 39. Qc8 Ne6 40. Bb8 Kh7 41. a7 Bd6+ 42. Bxd6 Qxa7 43. Be4+ g6 44. Be5 Ng7 45. Qf8 1-0

[Event "Titled Tuesday intern op 29th Nov Early"]
[Site "Chess.com INT"]
[Date "2022.11.29"]
[Round "2"]
[White "Garagulya, Konstantin"]
[Black "Postny, Evgeny"]
[Result "1/2-1/2"]
[WhiteElo "2389"]
[BlackElo "2588"]
[PlyCount "103"]
[EventDate "2022.11.29"]
[EventType "swiss (blitz)"]
[EventRounds "11"]
[EventCountry "USA"]
[SourceTitle "EXT 2024"]
[Source "ChessBase"]
[SourceDate "2023.10.10"]
[SourceVersion "1"]
[SourceVersionDate "2023.10.10"]
[SourceQuality "1"]

1. d4 d5 2. Nf3 Nf6 3. Bg5 Ne4 4. Bf4 e6 5. Nbd2 Bd6 6. Bxd6 cxd6 7. e3 0-0 8. Bd3 f5 9. c4 dxc4 10. Nxc4 Nc6 11. 0-0 Qe7 12. Rc1 Bd7 13. a3 Kh8 14. b4 Nd8 15. Nfd2 Nf6 16. Qc2 Rc8 17. Qb2 Bb5 18. Qb3 Nf7 19. a4 Bc6 20. Na5 Bd5 21. Bc4 Ng5 22. Bxd5 Nxd5 23. b5 h5 24. Qa3 Rce8 25. Nac4 Rd8 26. f4 Ne4 27. Nxe4 fxe4 28. Nd2 Nf6 29. Qc3 Rc8 30. Qxc8 Rxc8 31. Rxc8+ Kh7 32. h3 d5 33. Rfc1 Qa3 34. Nf1 Qxa4 35. R1c7 Qxb5 36. Rf8 h4 37. Rxf6 a5 38. Rff7 a4 39. Rxg7+ Kh6 40. Rxb7 Qd3 41. Rh7+ Kg6 42. Rhg7+ Kh6 43. Rg4 a3 44. Rxh4+ Kg6 45. Ra7 Qb3 46. Rg4+ Kh6 47. Rgg7 a2 48. Rge7 Kg6 49. Rxe6+ Kf5 50. Rea6 Qb6 51. Rxa2 Qa6 52. R7xa6 1/2-1/2

[Event "Titled Tuesday intern op 15th Nov Early"]
[Site "Chess.com INT"]
[Date "2022.11.15"]
[Round "2"]
[White "Garagulya, Konstantin"]
[Black "Fabris, Alberto"]
[Result "1-0"]
[WhiteElo "2389"]
[BlackElo "2230"]
[PlyCount "111"]
[EventDate "2022.11.15"]
[EventType "swiss (blitz)"]
[EventRounds "11"]
[EventCountry "USA"]
[SourceTitle "CBM 211 Extra"]
[Source "ChessBase"]
[SourceDate "2023.01.31"]
[SourceVersion "1"]
[SourceVersionDate "2023.01.31"]
[SourceQuality "1"]

1. d4 Nf6 2. Nf3 e6 3. Bg5 c5 4. Nbd2 cxd4 5. Nxd4 a6 6. c4 Nc6 7. Nxc6 dxc6 8. e3 Be7 9. a3 0-0 10. Qc2 b5 11. Bd3 h6 12. Bh4 Bb7 13. 0-0 Rc8 14. Rfd1 Qb6 15. Rac1 c5 16. Qb3 b4 17. Bxf6 Bxf6 18. Be4 a5 19. f3 Rfd8 20. Bxb7 Qxb7 21. Ne4 Be7 22. Kf2 f5 23. Ng3 Rxd1 24. Rxd1 Rd8 25. Rxd8+ Bxd8 26. axb4 axb4 27. Qa4 Kf7 28. e4 g6 29. exf5 gxf5 30. Ne2 Bf6 31. b3 Ke7 32. Qa5 Qc6 33. Qa7+ Kf8 34. Qh7 Bg7 35. Qg6 Qd6 36. g3 Qe5 37. Nf4 Ke7 38. Kg2 Qf6 39. Qxf6+ Bxf6 40. Nd3 Bd4 41. f4 Kf6 42. h3 Kg6 43. Kf3 Kf6 44. g4 fxg4+ 45. hxg4 Kg6 46. Ke4 h5 47. gxh5+ Kxh5 48. f5 exf5+ 49. Kxf5 Kh4 50. Ke4 Kg3 51. Kd5 Kf3 52. Nxc5 Bc3 53. Ne4 Ke3 54. c5 Be1 55. c6 Bg3 56. Nxg3 1-0

[Event "Titled Tuesday intern op 15th Nov Early"]
[Site "Chess.com INT"]
[Date "2022.11.15"]
[Round "3"]
[White "Kozak, Antoni"]
[Black "Garagulya, Konstantin"]
[Result "1-0"]
[WhiteElo "2422"]
[BlackElo "2389"]
[PlyCount "69"]
[EventDate "2022.11.15"]
[EventType "swiss (blitz)"]
[EventRounds "11"]
[EventCountry "USA"]
[SourceTitle "CBM 211 Extra"]
[Source "ChessBase"]
[SourceDate "2023.01.31"]
[SourceVersion "1"]
[SourceVersionDate "2023.01.31"]
[SourceQuality "1"]

1. Nf3 Nf6 2. g3 b6 3. Bg2 Bb7 4. 0-0 c5 5. d3 e6 6. e4 d5 7. e5 Nfd7 8. Re1 g6 9. Bf4 Bg7 10. Nbd2 Nc6 11. h4 h6 12. Nf1 Qc7 13. Qe2 Nd4 14. Nxd4 cxd4 15. Nh2 0-0-0 16. Nf3 Qc5 17. Qd2 a5 18. a3 a4 19. b4 Qc3 20. Qd1 Kb8 21. Bd2 Qb2 22. Qe2 Rc8 23. Reb1 Qxc2 24. Nxd4 Qc7 25. f4 Ba6 26. Rc1 Qd8 27. Nc6+ Rxc6 28. Rxc6 Bb5 29. Rc3 Qe7 30. Rac1 g5 31. Qf2 gxh4 32. gxh4 f6 33. Rc7 fxe5 34. Qxb6+ Nxb6 35. Rxe7 1-0

[Event "Titled Tuesday intern op 08th Nov Late"]
[Site "Chess.com INT"]
[Date "2022.11.08"]
[Round "2"]
[White "Garagulya, Konstantin"]
[Black "Papasimakopoulos, Alexandros"]
[Result "0-1"]
[WhiteElo "2389"]
[BlackElo "2328"]
[PlyCount "136"]
[EventDate "2022.11.08"]
[EventType "swiss (blitz)"]
[EventRounds "11"]
[EventCountry "USA"]
[SourceTitle "EXT 2024"]
[Source "ChessBase"]
[SourceDate "2023.10.10"]
[SourceVersion "1"]
[SourceVersionDate "2023.10.10"]
[SourceQuality "1"]

1. d4 e6 2. Nf3 Nf6 3. Bg5 c5 4. Nbd2 cxd4 5. Nxd4 Nc6 6. Nxc6 bxc6 7. c4 d5 8. e3 Be7 9. Qc2 h6 10. Bh4 0-0 11. Be2 Ba6 12. 0-0 Rb8 13. a3 Nd7 14. Bg3 Rc8 15. b4 Bb7 16. Rab1 a6 17. Rfd1 Qb6 18. Ne4 Ra8 19. Nc5 Nxc5 20. bxc5 Qa7 21. Bd6 Bc8 22. e4 Re8 23. cxd5 exd5 24. exd5 cxd5 25. Rxd5 Be6 26. Rdd1 Rac8 27. Qd2 Red8 28. Qa5 Bxd6 29. Rxd6 Re8 30. Rc1 Bf5 31. Bf1 Qe7 32. Rxa6 Qg5 33. Qc3 Be4 34. c6 Rc7 35. Rb6 Rec8 36. Qe3 Qg6 37. f3 Rxc6 38. Rcxc6 Bxc6 39. Kf2 Qc2+ 40. Kg1 Bd5 41. Rd6 Be6 42. Rd2 Qc7 43. a4 Ra8 44. Bb5 Qc1+ 45. Kf2 Qc7 46. g3 Qb7 47. Qd4 Qc7 48. Kg2 Qc1 49. Qb2 Qc5 50. Qd4 Qa3 51. Qe4 Rc8 52. h4 Rc1 53. Rd8+ Qf8 54. Rxf8+ Kxf8 55. Qb4+ Kg8 56. Qb2 Rc5 57. g4 g5 58. Kg3 gxh4+ 59. Kxh4 h5 60. Kg3 hxg4 61. fxg4 Rd5 62. Qd4 Rxd4 63. g5 Rg4+ 64. Kf3 Rxg5 65. Ke4 Bb3 66. Kf4 Rh5 67. Kg4 Rc5 68. Bd7 Bxa4 0-1

[Event "Titled Tuesday intern op 04th Oct Late"]
[Site "Chess.com INT"]
[Date "2022.10.04"]
[Round "4"]
[White "Garagulya, Konstantin"]
[Black "Vazquez, Guillermo"]
[Result "0-1"]
[WhiteElo "2389"]
[BlackElo "2573"]
[PlyCount "72"]
[EventDate "2022.10.04"]
[EventType "swiss (blitz)"]
[EventRounds "11"]
[EventCountry "USA"]
[SourceTitle "EXT 2023"]
[Source "ChessBase"]
[SourceDate "2022.10.05"]
[SourceVersion "1"]
[SourceVersionDate "2022.10.05"]
[SourceQuality "1"]

1. d4 d5 2. Nf3 e6 3. c4 dxc4 4. e3 c5 5. Bxc4 Nf6 6. 0-0 a6 7. b3 Nbd7 8. Bb2 Be7 9. Nbd2 0-0 10. Rc1 b5 11. Be2 Bb7 12. a4 Qb6 13. axb5 axb5 14. dxc5 Bxc5 15. Bd3 h6 16. Qe2 Rab8 17. Rfd1 Rfc8 18. h3 Ba8 19. Ne5 Qb7 20. Ndf3 Rc7 21. Rc2 b4 22. Ba6 Qb6 23. Nxd7 Rxd7 24. Rxd7 Nxd7 25. Bc4 Bf8 26. Rc1 Rc8 27. Ba6 Rxc1+ 28. Bxc1 Bxf3 29. gxf3 Ne5 30. f4 Qc6 31. Bb2 Nf3+ 32. Kf1 Nd4 33. Qg4 Qxa6+ 34. Kg2 Qc6+ 35. Kg3 Nf5+ 36. Kh2 Qc2 0-1

[Event "Titled Tuesday intern op 12th Jul Early"]
[Site "Chess.com INT"]
[Date "2022.07.12"]
[Round "1"]
[White "Seo, Jung Min"]
[Black "Garagulya, Konstantin"]
[Result "1/2-1/2"]
[WhiteElo "2492"]
[BlackElo "2389"]
[PlyCount "83"]
[EventDate "2022.07.12"]
[EventType "swiss (blitz)"]
[EventRounds "11"]
[EventCountry "USA"]
[SourceTitle "EXT 2023"]
[Source "ChessBase"]
[SourceDate "2022.10.05"]
[SourceVersion "1"]
[SourceVersionDate "2022.10.05"]
[SourceQuality "1"]

1. d4 d5 2. c4 dxc4 3. e3 Nf6 4. Bxc4 e6 5. Nc3 a6 6. Nf3 c5 7. 0-0 cxd4 8. exd4 Be7 9. Qe2 Nc6 10. Rd1 0-0 11. d5 exd5 12. Nxd5 Nxd5 13. Rxd5 Qc7 14. Bg5 Be6 15. Rdd1 Bxc4 16. Qxc4 Bxg5 17. Nxg5 h6 18. Ne4 Rfd8 19. h3 Rxd1+ 20. Rxd1 Rd8 21. Rc1 Qe5 22. Nc5 Qxb2 23. Nxb7 Qxb7 24. Qxc6 Qxc6 25. Rxc6 Rd1+ 26. Kh2 Rd2 27. Rxa6 Rxf2 28. a4 Ra2 29. h4 g6 30. Kh3 Kg7 31. Ra7 Ra3+ 32. g3 h5 33. a5 Ra2 34. Ra8 Kh7 35. Ra6 Kg7 36. Ra7 Kg8 37. Ra8+ Kg7 38. a6 Kf6 39. Ra7 Kg7 40. Ra8 Kf6 41. Ra7 Kg7 42. Ra8 1/2-1/2

[Event "Titled Tuesday intern op 21st Jun Late"]
[Site "Chess.com INT"]
[Date "2022.06.21"]
[Round "2"]
[White "Do Valle Cardoso, Lucas"]
[Black "Garagulya, Konstantin"]
[Result "1-0"]
[WhiteElo "2185"]
[BlackElo "2389"]
[PlyCount "79"]
[EventDate "2022.06.21"]
[EventType "swiss (blitz)"]
[EventRounds "11"]
[EventCountry "USA"]
[SourceTitle "EXT 2023"]
[Source "ChessBase"]
[SourceDate "2022.10.05"]
[SourceVersion "1"]
[SourceVersionDate "2022.10.05"]
[SourceQuality "1"]

1. d4 Nf6 2. c4 e6 3. Nc3 d5 4. cxd5 exd5 5. Bg5 Be7 6. e3 0-0 7. Bd3 h6 8. Bh4 b6 9. Nge2 Bb7 10. 0-0 Bc8 11. a3 Bb7 12. b4 c5 13. bxc5 bxc5 14. Rb1 Bc6 15. a4 c4 16. Bc2 Nbd7 17. f3 Re8 18. h3 Rb8 19. Bf2 a5 20. e4 Rb4 21. e5 Nh7 22. f4 Nb6 23. f5 Qd7 24. Be3 Nxa4 25. Nxa4 Bxa4 26. Bxa4 Qxa4 27. Qe1 Rxb1 28. Qxb1 Qb3 29. Qc1 Ba3 30. Qd2 Bb4 31. Qc1 f6 32. Bxh6 fxe5 33. f6 gxf6 34. Rxf6 Qd3 35. Qf1 exd4 36. Rf3 Qxe2 37. Rg3+ Ng5 38. Rxg5+ Kh7 39. Qf7+ Kxh6 40. Qg6# 1-0

[Event "Titled Tuesday intern op 24th May Late"]
[Site "Chess.com INT"]
[Date "2022.05.24"]
[Round "5"]
[White "Skliarov, Viktor"]
[Black "Garagulya, Konstantin"]
[Result "1-0"]
[WhiteElo "2387"]
[BlackElo "2389"]
[PlyCount "137"]
[EventDate "2022.05.24"]
[EventType "swiss (blitz)"]
[EventRounds "11"]
[EventCountry "USA"]
[SourceTitle "EXT 2023"]
[Source "ChessBase"]
[SourceDate "2022.10.05"]
[SourceVersion "1"]
[SourceVersionDate "2022.10.05"]
[SourceQuality "1"]

1. e4 c5 2. Nf3 a6 3. c3 d5 4. exd5 Qxd5 5. Na3 Nf6 6. Nc4 Nbd7 7. a4 b6 8. a5 b5 9. Ne3 Qc6 10. d4 Bb7 11. Be2 e6 12. 0-0 Be7 13. Ne5 Qc7 14. Nxd7 Qxd7 15. dxc5 Bxc5 16. c4 b4 17. b3 0-0 18. Qxd7 Nxd7 19. Bb2 Rfd8 20. Rfd1 Nf6 21. Kf1 Kf8 22. Rxd8+ Rxd8 23. Rd1 Rxd1+ 24. Bxd1 Ne4 25. Bc2 Nc3 26. Nd1 Nxd1 27. Bxd1 f6 28. f3 e5 29. Bc2 h6 30. Bg6 Bd6 31. h3 Bc7 32. Bc1 Bxa5 33. Be3 Bd8 34. Bc5+ Be7 35. Bb6 Bc6 36. Ke2 Bd6 37. Kd3 Ke7 38. Be4 Kd7 39. Bxc6+ Kxc6 40. Bd8 f5 41. g4 g6 42. Bf6 h5 43. Bg7 Kd7 44. gxh5 gxh5 45. Bf6 Ke6 46. Bd8 Bc5 47. Bc7 Bd6 48. Bd8 Kf7 49. Bb6 Ke7 50. c5 Bb8 51. Kc4 Ke6 52. Kxb4 e4 53. fxe4 fxe4 54. Kc4 Kf5 55. c6 Kf4 56. c7 Bxc7 57. Bxc7+ Kf3 58. Bb6 e3 59. Kd3 e2 60. Ba5 Kg3 61. Kxe2 Kxh3 62. Kf1 Kg4 63. Kg2 Kf4 64. Kh3 Ke4 65. Kh4 Kd3 66. Kxh5 Kc2 67. b4 Kb3 68. Kg4 Ka4 69. Kf3 1-0